Tạp chí Thiết bị giáo dục

में बचाया:
ग्रंथसूची विवरण
मुख्य लेखक: Cơ quan của hiệp hội Thiết bị giáo dục Việt Nam
स्वरूप: पुस्तक
भाषा:Undetermined
विषय:
ऑनलाइन पहुंच:http://lrc.tdmu.edu.vn/opac/search/detail.asp?aID=2&ID=25321
टैग : टैग जोड़ें
कोई टैग नहीं, इस रिकॉर्ड को टैग करने वाले पहले व्यक्ति बनें!
Thư viện lưu trữ: Trung tâm Học liệu Trường Đại học Thủ Dầu Một
LEADER 00643nam a2200145Ia 4500
001 TDMU_25321
008 210410s9999 xx 000 0 und d
082 |a NULL 
100 |a Cơ quan của hiệp hội Thiết bị giáo dục Việt Nam 
245 0 |a Tạp chí Thiết bị giáo dục 
245 0 |c Cơ quan của hiệp hội Thiết bị giáo dục Việt Nam 
300 |a 97tr 
650 |a Tạp chí Thiết bị giáo dục; Khoa học giáo dục; Giáo dục 
856 |u http://lrc.tdmu.edu.vn/opac/search/detail.asp?aID=2&ID=25321 
980 |a Trung tâm Học liệu Trường Đại học Thủ Dầu Một